Hoạt động nghiệp vụ của Đội Thiếu niên Tiền phong Hồ Chí Minh Giáo trình cao đẳng Sư phạm

Hướng dẫn hoạt động nghiệp vụ của Đội Thiếu niên tiền phong Hồ Chí Minh: Nội dung giáo dục truyền thống đội, hình thức giáo dục, kĩ năng hát, múa, kể chuyện, diễn thuyết, trò chơi thiếu nhi, trại thiếu nhi. Hoạt động tham quan du lịch của đội...

全面介紹

Đã lưu trong:
書目詳細資料
其他作者: Bùi Sỹ Tụng (ch.b., tác giả), Nguyễn Trọng Tiến, Phan Nguyên Thái, Lê Kiến Thiết
格式: 圖書
語言:Vietnamese
出版: H. Đại học Sư phạm 2007
版:In lần 2
主題:
標簽: 添加標簽
沒有標簽, 成為第一個標記此記錄!
Thư viện lưu trữ: Mạng thư viện Đại học Đà Nẵng
LEADER 01935aam a22004218a 4500
001 000018210
003 14637
005 20130924100920.0
008 130923s2007 viesd
020 |c 50000đ  |d 1000b 
041 0 |a vie 
082 1 4 |2 14  |a 324.2597  |b Hoa 
084 |a U422(1)1  |b H411Đ 
245 |a Hoạt động nghiệp vụ của Đội Thiếu niên Tiền phong Hồ Chí Minh  |b Giáo trình cao đẳng Sư phạm  |c Bùi Sỹ Tụng (ch.b.), Lê Kiến Thiết, Phan Nguyên Thái.. 
250 |a In lần 2 
260 |a H.  |b Đại học Sư phạm  |c 2007 
300 |a 323 tr.  |b hình vẽ  |c 24 cm. 
500 |a Đầu bìa sách ghi: Bộ Giáo dục và Đào tạo. Dự án Đào tạo Giáo viên THCS 
504 |a Thư mục: tr. 323 
520 |a Hướng dẫn hoạt động nghiệp vụ của Đội Thiếu niên tiền phong Hồ Chí Minh: Nội dung giáo dục truyền thống đội, hình thức giáo dục, kĩ năng hát, múa, kể chuyện, diễn thuyết, trò chơi thiếu nhi, trại thiếu nhi. Hoạt động tham quan du lịch của đội 
650 0 4 |2 Bộ TK TVQG  |a Đội thiếu niên tiền phong Hồ Chí Minh  |v Giáo trình 
650 7 |2 Bộ TK TVQG 
650 7 |2 Bộ TK TVQG 
653 |a Đội thiếu niên tiền phong Hồ Chí Minh 
700 1 |a Bùi Sỹ Tụng  |e ch.b., tác giả 
700 1 |a Nguyễn Trọng Tiến 
700 1 |a Phan Nguyên Thái 
700 1 |a Lê Kiến Thiết 
OWN |a LSP 
AVA |a UDN50  |b LSP  |d 324.2597 Hoa  |e available  |t Error 5001 Not defined in file expand_doc_bib_avail.  |f 5  |g 0  |h N  |i 0  |k 1 
999 |a From the UDN01 
AVA |a UDN50  |b LSP  |d 324.2597 Hoa  |e available  |t Error 5001 Not defined in file expand_doc_bib_avail.  |f 5  |g 0  |h N  |i 0  |k 1 
TYP |a Monograph 
TYP |a Printed language 
980 |a Mạng thư viện Đại học Đà Nẵng